[Event "Regionalliga SO 0910"]
[Site "Bayern"]
[Date "2010.02.28"]
[Round "7.3"]
[White "Besner, Bernhard"]
[Black "Kiener, Georg"]
[Result "1-0"]
[WhiteElo "2198"]
[BlackElo "2039"]
[PlyCount "43"]
[EventDate "2009.10.18"]
[EventType "team-tourn"]
[EventRounds "9"]
[EventCountry "GER"]
[SourceTitle "EXT 2011"]
[Source "ChessBase"]
[SourceDate "2010.11.26"]
[SourceVersion "1"]
[SourceVersionDate "2010.11.26"]
[SourceQuality "1"]
[WhiteTeam "Trostberg"]
[BlackTeam "Pang/Rosenheim II"]
[WhiteTeamCountry "GER"]
[BlackTeamCountry "GER"]

1. e4 c5 2. c3 Nf6 3. e5 Nd5 4. d4 cxd4 5. Nf3 Nc6 6. Bc4 Nb6 7. Bb3 d3 8. Qxd3 g6 9. a4 d6 10. a5 Bf5 11. Qb5 Nd7 12. exd6 exd6 13. 0-0 Nc5 14. Bd5 Qd7 15. Bg5 Bg7 16. Re1+ Ne6 17. a6 Ncd8 18. Qxd7+ Kxd7 19. axb7 Rb8 20. Rxa7 Kc7 21. Na3 Bd3 22. Bxd8+ 1-0

[Event "Regionalliga SO 0708"]
[Site "Bayern"]
[Date "2007.10.21"]
[Round "1.8"]
[White "Litzka, Matthias"]
[Black "Kiener, Georg"]
[Result "1-0"]
[WhiteElo "2184"]
[BlackElo "2019"]
[PlyCount "79"]
[EventDate "2007.10.21"]
[EventType "team-tourn"]
[EventRounds "9"]
[EventCountry "GER"]
[SourceTitle "EXT 2009"]
[Source "ChessBase"]
[SourceDate "2008.11.26"]
[SourceVersion "1"]
[SourceVersionDate "2008.11.26"]
[SourceQuality "1"]
[WhiteTeam "Starnberg"]
[BlackTeam "Pang/Rosenheim II"]
[WhiteTeamCountry "GER"]
[BlackTeamCountry "GER"]

1. e4 c5 2. Nf3 e6 3. d4 cxd4 4. Nxd4 Qb6 5. Nb3 Qc7 6. Bd3 a6 7. 0-0 b5 8. Be3 Bb7 9. N1d2 Nf6 10. Qe2 Be7 11. Rac1 d5 12. exd5 Nxd5 13. c4 Nf4 14. Bxf4 Qxf4 15. cxb5 0-0 16. bxa6 Nxa6 17. Rc4 Qh6 18. Be4 Bxe4 19. Qxe4 Nb4 20. Rxb4 Bxb4 21. Qxb4 Rxa2 22. Na5 Ra8 23. Ndc4 Qf4 24. g3 Qc7 25. Qb7 Qxb7 26. Nxb7 Rb8 27. Nbd6 Rb4 28. Rc1 Ra6 29. Ne4 f6 30. f4 Kf7 31. Kf2 Raa4 32. Ned2 Ke7 33. Ke3 e5 34. fxe5 fxe5 35. Kd3 Ke6 36. Re1 Rb5 37. Kc3 Rc5 38. Kb3 Ra7 39. Nf3 Rb7+ 40. Kc3 1-0

[Event "Regionalliga SO 0607"]
[Site "Bayern"]
[Date "2007.03.18"]
[Round "7.5"]
[White "Kiener, Georg"]
[Black "Krause, Christian"]
[Result "0-1"]
[WhiteElo "2032"]
[BlackElo "2023"]
[PlyCount "96"]
[EventDate "2006.10.15"]
[EventType "team-tourn"]
[EventRounds "9"]
[EventCountry "GER"]
[SourceTitle "EXT 2008"]
[Source "ChessBase"]
[SourceDate "2007.11.25"]
[SourceVersion "1"]
[SourceVersionDate "2007.11.25"]
[SourceQuality "1"]
[WhiteTeam "Pang/Rosenheim II"]
[BlackTeam "Ebersberg"]
[WhiteTeamCountry "GER"]
[BlackTeamCountry "GER"]

1. e4 d6 2. d4 g6 3. Nc3 c6 4. Be2 Bg7 5. h4 h5 6. Be3 Nf6 7. f3 b5 8. Qd2 0-0 9. Nd1 a6 10. Nf2 Nbd7 11. 0-0-0 Qc7 12. Bh6 c5 13. Bxg7 Kxg7 14. d5 Ne5 15. f4 Neg4 16. Ngh3 c4 17. Qd4 Qa7 18. Bf3 Qxd4 19. Rxd4 Nxf2 20. Nxf2 Bg4 21. Bxg4 Nxg4 22. Nxg4 hxg4 23. Kd2 Rac8 24. Ke3 Rc5 25. Re1 Rh8 26. g3 Rb8 27. Rdd1 b4 28. Kd4 Rbb5 29. Rf1 f5 30. exf5 gxf5 31. Rfe1 Kf7 32. Rh1 c3 33. a4 Rxd5+ 34. Kc4 Rbc5+ 35. Kxb4 cxb2 36. Kb3 b1Q+ 37. Rxb1 Rd2 38. Rbc1 Rg2 39. Rhg1 Rcxc2 40. Rxc2 Rxg1 41. Rc3 Rf1 42. Kb4 Rf3 43. Kc4 Rxc3+ 44. Kxc3 e5 45. fxe5 dxe5 46. Kd3 f4 47. Ke2 fxg3 48. Kf1 Kg6 0-1

[Event "Regionalliga SO 0506"]
[Site "Bayern"]
[Date "2006.01.29"]
[Round "6.8"]
[White "Trapp, Maximilian"]
[Black "Kiener, Georg"]
[Result "0-1"]
[WhiteElo "1953"]
[BlackElo "1971"]
[PlyCount "68"]
[EventDate "2005.10.23"]
[EventType "team-tourn"]
[EventRounds "9"]
[EventCountry "GER"]
[SourceTitle "EXT 2007"]
[Source "ChessBase"]
[SourceDate "2006.11.23"]
[SourceVersion "1"]
[SourceVersionDate "2006.11.23"]
[SourceQuality "1"]
[WhiteTeam "Freising SK"]
[BlackTeam "Pang/Rosenheim II"]
[WhiteTeamCountry "GER"]
[BlackTeamCountry "GER"]

1. f4 e5 2. e4 exf4 3. Nf3 h6 4. b3 d6 5. Bc4 Nf6 6. Nc3 Nc6 7. d4 g5 8. 0-0 Bg7 9. e5 dxe5 10. Re1 0-0 11. Ba3 Re8 12. Nxe5 Nxe5 13. dxe5 Qxd1 14. Raxd1 Ng4 15. Nd5 Bxe5 16. Rxe5 Rxe5 17. Nxc7 Rb8 18. h3 Ne3 19. Rd8+ Kh7 20. Bxf7 Be6 21. Nxe6 Rxd8 22. Nxd8 Ra5 23. Be7 Rxa2 24. Ne6 Rxc2 25. Bf6 Rc8 26. Bg7 a5 27. Kf2 b5 28. Kf3 Ra8 29. Ke4 Ra7 30. Bh5 Rxg7 31. Nxg7 Kxg7 32. g3 Nc2 33. gxf4 gxf4 34. Kxf4 a4 0-1

[Event "Regionalliga SO 0405"]
[Site "Bayern"]
[Date "2005.01.30"]
[Round "6.8"]
[White "Kiener, Georg"]
[Black "Zepke, Armin"]
[Result "1/2-1/2"]
[WhiteElo "1973"]
[BlackElo "1926"]
[PlyCount "62"]
[EventDate "2004.10.24"]
[EventType "team-tourn"]
[EventRounds "9"]
[EventCountry "GER"]
[SourceTitle "EXT 2007"]
[Source "ChessBase"]
[SourceDate "2006.11.23"]
[SourceVersion "1"]
[SourceVersionDate "2006.11.23"]
[SourceQuality "1"]
[WhiteTeam "Pang/Rosenheim II"]
[BlackTeam "Bayerwald"]
[WhiteTeamCountry "GER"]
[BlackTeamCountry "GER"]

1. e4 c6 2. d4 d5 3. e5 Bf5 4. Be3 e6 5. Nd2 Nd7 6. c4 dxc4 7. Bxc4 Ne7 8. Ngf3 Nd5 9. 0-0 Be7 10. Re1 0-0 11. Rc1 h6 12. a3 Rc8 13. Bb3 c5 14. Bxd5 exd5 15. dxc5 Nxc5 16. Bxc5 Bxc5 17. Nb3 Bb6 18. Rxc8 Qxc8 19. Nbd4 Be4 20. Nb5 Qc5 21. Qe2 Rc8 22. Nd6 Rc7 23. Nxe4 dxe4 24. Qxe4 Qxf2+ 25. Kh1 Rc2 26. Qg4 h5 27. Qh3 Re2 28. Qc8+ Kh7 29. Qf5+ Kg8 30. Qc8+ Kh7 31. Qf5+ Kg8 1/2-1/2

[Event "GER-ch U25 op"]
[Site "Willingen"]
[Date "2004.06.03"]
[Round "8"]
[White "Kiener, Georg"]
[Black "Heigermoser, Robert"]
[Result "1-0"]
[WhiteElo "2008"]
[BlackElo "1770"]
[PlyCount "41"]
[EventDate "2004.05.30"]
[EventType "swiss"]
[EventRounds "9"]
[EventCountry "GER"]
[SourceTitle "EXT 2005"]
[Source "ChessBase"]
[SourceDate "2004.11.15"]
[SourceVersion "1"]
[SourceVersionDate "2004.11.15"]
[SourceQuality "1"]

1. e4 c6 2. d4 d5 3. e5 c5 4. c3 Nc6 5. Nf3 cxd4 6. cxd4 Bg4 7. Bb5 Qb6 8. Nc3 e6 9. 0-0 Nge7 10. Be3 a6 11. Be2 Nf5 12. Qd2 Bxf3 13. Bxf3 Ncxd4 14. Bg4 Nxe3 15. fxe3 Nc6 16. Nxd5 Qd8 17. Qf2 Nxe5 18. Bh5 g6 19. Nf6+ Ke7 20. Rad1 Qa5 21. Nd5+ 1-0

[Event "GER-chT U20"]
[Site "Greifswald"]
[Date "2002.12.29"]
[Round "5.3"]
[White "Hennig, Timo"]
[Black "Kiener, Georg"]
[Result "1/2-1/2"]
[WhiteElo "1779"]
[BlackElo "1957"]
[PlyCount "67"]
[EventDate "2002.12.27"]
[EventType "team"]
[EventRounds "7"]
[EventCountry "GER"]
[SourceTitle "CBM 092 Extra"]
[Source "ChessBase"]
[SourceDate "2003.03.07"]
[SourceVersion "1"]
[SourceVersionDate "2003.03.07"]
[SourceQuality "1"]

1. d4 Nf6 2. Nf3 g6 3. Bg5 Bg7 4. Nbd2 d6 5. e4 Nbd7 6. Bc4 h6 7. Bh4 e5 8. c3 0-0 9. 0-0 c6 10. Qc2 g5 11. dxe5 dxe5 12. Bg3 Nh5 13. Rad1 Nf4 14. Bb3 b5 15. Bxf4 exf4 16. Nd4 Ne5 17. N2f3 Qc7 18. Nxe5 Bxe5 19. f3 Rb8 20. Nf5 Bxf5 21. exf5 Rbd8 22. Qe4 Rfe8 23. Rfe1 Bd4+ 24. Rxd4 Rxe4 25. Rdxe4 Rf8 26. Re7 Qb6+ 27. Kh1 a5 28. Rxf7 Rxf7 29. Re7 Qf2 30. h3 a4 31. Bxf7+ Kf8 32. f6 Qd2 33. Bg6 Qd8 34. Rf7+ 1/2-1/2

[Event "GER-chT U20"]
[Site "Greifswald"]
[Date "2002.12.28"]
[Round "4.3"]
[White "Michalowski, Peter"]
[Black "Kiener, Georg"]
[Result "1-0"]
[WhiteElo "1680"]
[BlackElo "1957"]
[PlyCount "59"]
[EventDate "2002.12.27"]
[EventType "team"]
[EventRounds "7"]
[EventCountry "GER"]
[SourceTitle "CBM 092 Extra"]
[Source "ChessBase"]
[SourceDate "2003.03.07"]
[SourceVersion "1"]
[SourceVersionDate "2003.03.07"]
[SourceQuality "1"]

1. e4 c5 2. Nc3 e6 3. Nf3 a6 4. d4 cxd4 5. Nxd4 Qc7 6. Be3 b5 7. Qd2 Bb7 8. f3 d6 9. 0-0-0 Nf6 10. g4 Be7 11. g5 Nfd7 12. h4 Nc6 13. Rg1 Nde5 14. f4 Nd7 15. Bd3 Nc5 16. f5 b4 17. Nce2 Nxd3+ 18. Qxd3 Ne5 19. Qb3 Bxe4 20. fxe6 f6 21. gxf6 Bxf6 22. Ng3 Bb7 23. Ndf5 d5 24. Qxb4 Nc4 25. Bd4 Bxd4 26. Nxd4 0-0-0 27. Ngf5 g6 28. Ne7+ Kb8 29. Ndc6+ Ka8 30. Nxd8 1-0

[Event "DSSM WK2"]
[Site "Husum"]
[Date "2002.05.12"]
[Round "6.1"]
[White "Scholvin, Bjoern"]
[Black "Kiener, Georg"]
[Result "1-0"]
[WhiteElo "2145"]
[BlackElo "1873"]
[PlyCount "68"]
[EventDate "2002.05.10"]
[EventType "team"]
[EventRounds "7"]
[EventCountry "GER"]
[SourceTitle "CBM 088 Extra"]
[Source "ChessBase"]
[SourceDate "2002.07.01"]
[SourceVersion "2"]
[SourceVersionDate "2002.07.01"]
[SourceQuality "1"]

1. e4 c5 2. Nf3 Nc6 3. Bb5 g6 4. 0-0 Bg7 5. c3 e5 6. Na3 Nge7 7. Nc2 0-0 8. d4 cxd4 9. cxd4 exd4 10. Ncxd4 Nxd4 11. Nxd4 Qb6 12. Be3 a6 13. Nc6 Qxb5 14. Nxe7+ Kh8 15. Bd4 Qb4 16. Bxg7+ Kxg7 17. Nd5 Qd6 18. Qd4+ f6 19. f4 b6 20. Qxb6 Qxb6+ 21. Nxb6 Rb8 22. Nxc8 Rfxc8 23. Rf2 Kf7 24. Rd1 Ke7 25. Rfd2 Rb7 26. Kf2 Rc4 27. Ke3 Rcb4 28. b3 R4b6 29. Rc1 Kd8 30. Rc4 Rc7 31. Rdc2 Rxc4 32. Rxc4 Rb5 33. Kd4 Ke7 34. b4 a5 1-0

[Event "GER-chT U16"]
[Site "Bensdorf"]
[Date "2001.12.30"]
[Round "7.1"]
[White "Haecker, Sonja"]
[Black "Kiener, Georg"]
[Result "1-0"]
[WhiteElo "1846"]
[BlackElo "1732"]
[PlyCount "53"]
[EventDate "2001.12.??"]
[EventType "team"]
[EventRounds "7"]
[EventCountry "GER"]
[SourceTitle "EXT 2003"]
[Source "ChessBase"]
[SourceDate "2002.11.25"]
[SourceVersion "1"]
[SourceVersionDate "2002.11.25"]
[SourceQuality "1"]

1. e4 c5 2. Nc3 Nc6 3. g3 g6 4. Bg2 Bg7 5. d3 d6 6. f4 e6 7. Nf3 Nge7 8. 0-0 0-0 9. Be3 b6 10. d4 d5 11. exd5 exd5 12. Ne5 Nxe5 13. fxe5 Be6 14. Bg5 cxd4 15. Qxd4 Nf5 16. Rxf5 Qc7 17. Rff1 Bxe5 18. Qd2 Rac8 19. Rac1 Qc5+ 20. Kh1 f6 21. Bf4 Rfd8 22. Qe2 d4 23. Ne4 Qa5 24. Nxf6+ Bxf6 25. Qxe6+ Kg7 26. Bd6 Qg5 27. h4 1-0

[Event "GER-chT U16"]
[Site "Bensdorf"]
[Date "2001.01.01"]
[Round "4.1"]
[White "Kiener, Georg"]
[Black "Dietzsch, Michael"]
[Result "1/2-1/2"]
[WhiteElo "1732"]
[BlackElo "1842"]
[PlyCount "61"]
[EventDate "2001.12.??"]
[EventType "team"]
[EventRounds "7"]
[EventCountry "GER"]
[SourceTitle "EXT 2003"]
[Source "ChessBase"]
[SourceDate "2002.11.25"]
[SourceVersion "1"]
[SourceVersionDate "2002.11.25"]
[SourceQuality "1"]

1. e4 c5 2. f4 d6 3. Nf3 e6 4. Nc3 Nc6 5. Bb5 Nf6 6. Bxc6+ bxc6 7. 0-0 Be7 8. d3 0-0 9. e5 Nd7 10. Qe1 d5 11. b3 Ba6 12. Qe2 Nb6 13. Rd1 Qc7 14. Ba3 c4 15. Bb2 cxd3 16. cxd3 c5 17. Rac1 Qb7 18. Qf2 Rac8 19. Ba3 c4 20. Bxe7 Qxe7 21. dxc4 dxc4 22. Ne4 cxb3 23. axb3 Qb4 24. Rxc8 Rxc8 25. Qd2 Qxd2 26. Rxd2 Nd5 27. g3 h5 28. Ra2 Rc1+ 29. Kg2 Bd3 30. Ned2 a6 31. Nc4 1/2-1/2